[Event "New Zealand Junior Championship"]
[Site "Wellington"]
[Date "2023.01.05"]
[Round "3.2"]
[White "Mao, Daqi"]
[Black "Coates, Alex"]
[Result "1-0"]
[WhiteElo "2085"]
[BlackElo "1718"]

1. d4 {[%clk 01:00:52] [%emt 00:00:07]} 1... e6 {[%clk 01:00:56] [%emt
00:00:03]} 2. c4 {[%clk 01:01:19] [%emt 00:00:05]} 2... c6 {[%clk 01:01:23]
[%emt 00:00:02]} 3. Nc3 {[%clk 01:01:42] [%emt 00:00:07]} 3... d5 {[%clk
01:01:39] [%emt 00:00:14]} 4. Nf3 {[%clk 01:01:50] [%emt 00:00:22]} 4... dxc4
{[%clk 01:01:18] [%emt 00:00:51]} 5. a4 {[%clk 01:01:33] [%emt 00:00:47]} 5...
a5 {[%clk 01:00:29] [%emt 00:01:18]} 6. e4 {[%clk 01:01:20] [%emt 00:00:42]}
6... h6 {[%clk 01:00:27] [%emt 00:00:33]} 7. Bxc4 {[%clk 01:01:34] [%emt
00:00:16]} 7... Bb4 {[%clk 01:00:18] [%emt 00:00:40]} 8. Bd2 {[%clk 00:59:24]
[%emt 00:02:39]} 8... Nf6 {[%clk 00:59:32] [%emt 00:01:15]} 9. Qc2 {[%clk
00:58:13] [%emt 00:01:41]} 9... Na6 {[%clk 00:56:46] [%emt 00:03:18]} 10. O-O
{[%clk 00:56:39] [%emt 00:02:04]} 10... Nc7 {[%clk 00:54:48] [%emt 00:02:28]}
11. Rfe1 {[%clk 00:53:33] [%emt 00:03:34]} 11... O-O {[%clk 00:52:29] [%emt
00:02:50]} 12. Qc1 {[%clk 00:52:20] [%emt 00:01:43]} 12... Nh7 {[%clk 00:49:35]
[%emt 00:03:24]} 13. e5 {[%clk 00:51:44] [%emt 00:01:06]} 13... Be7 {[%clk
00:49:24] [%emt 00:00:41]} 14. Ne4 {[%clk 00:50:11] [%emt 00:02:02]} 14... Bb4
{[%clk 00:46:00] [%emt 00:03:56]} 15. Nc3 {[%clk 00:42:59] [%emt 00:07:42]}
15... Be7 {[%clk 00:45:43] [%emt 00:00:47]} 16. Ne4 {[%clk 00:35:55] [%emt
00:07:34]} 16... Bb4 {[%clk 00:45:53] [%emt 00:00:21]} 17. Bxb4 {[%clk
00:36:06] [%emt 00:00:18]} 17... axb4 {[%clk 00:46:18] [%emt 00:00:05]} 18. Qd2
{[%clk 00:33:31] [%emt 00:03:05]} 18... Nd5 {[%clk 00:44:41] [%emt 00:02:08]}
19. Nc5 {[%clk 00:31:26] [%emt 00:02:34]} 19... b6 {[%clk 00:43:05] [%emt
00:02:07]} 20. Nd3 {[%clk 00:31:21] [%emt 00:00:34]} 20... Ng5 {[%clk 00:34:46]
[%emt 00:08:50]} 21. Nxg5 {[%clk 00:31:18] [%emt 00:00:32]} 21... hxg5 {[%clk
00:34:55] [%emt 00:00:22]} 22. Bxd5 {[%clk 00:29:54] [%emt 00:01:54]} 22...
exd5 {[%clk 00:35:10] [%emt 00:00:15]} 23. Nxb4 {[%clk 00:28:57] [%emt
00:01:27]} 23... Bb7 {[%clk 00:34:45] [%emt 00:00:56]} 24. Nd3 {[%clk 00:26:21]
[%emt 00:03:05]} 24... Rc8 {[%clk 00:29:33] [%emt 00:05:42]} 25. a5 {[%clk
00:25:51] [%emt 00:01:01]} 25... Ba6 {[%clk 00:29:43] [%emt 00:00:20]} 26. Nb4
{[%clk 00:25:18] [%emt 00:01:02]} 26... Bb5 {[%clk 00:29:35] [%emt 00:00:38]}
27. axb6 {[%clk 00:24:25] [%emt 00:01:23]} 27... Qxb6 {[%clk 00:29:58] [%emt
00:00:07]} 28. Ra3 {[%clk 00:24:14] [%emt 00:00:41]} 28... Qd8 {[%clk 00:18:06]
[%emt 00:12:23]} 29. Rg3 {[%clk 00:23:49] [%emt 00:00:55]} 29... f6 {[%clk
00:18:18] [%emt 00:00:18]} 30. exf6 {[%clk 00:23:32] [%emt 00:00:47]} 30...
gxf6 {[%clk 00:18:22] [%emt 00:00:27]} 31. h4 {[%clk 00:23:21] [%emt 00:00:41]}
31... Rf7 {[%clk 00:17:16] [%emt 00:01:36]} 32. hxg5 {[%clk 00:23:22] [%emt
00:00:29]} 32... fxg5 {[%clk 00:17:38] [%emt 00:00:08]} 33. Rxg5+ {[%clk
00:23:13] [%emt 00:00:39]} 33... Rg7 {[%clk 00:17:59] [%emt 00:00:10]} 34.
Rxg7+ {[%clk 00:23:23] [%emt 00:00:21]} 34... Kxg7 {[%clk 00:18:24] [%emt
00:00:04]} 35. Qf4 {[%clk 00:23:07] [%emt 00:00:41]} 35... Qf6 {[%clk 00:17:59]
[%emt 00:01:00]} 36. Qg4+ {[%clk 00:23:26] [%emt 00:00:15]} 1-0

[Event "New Zealand Junior Championship"]
[Site "Wellington"]
[Date "2023.01.05"]
[Round "3.3"]
[White "Hwang, Ryan"]
[Black "Van der Hoorn, Thomas"]
[Result "0-1"]
[WhiteElo "1655"]
[BlackElo "2068"]

1. e4 {[%clk 01:00:57] [%emt 00:00:02]} 1... c6 {[%clk 01:00:56] [%emt
00:00:05]} 2. d4 {[%clk 01:01:19] [%emt 00:00:08]} 2... d5 {[%clk 01:01:22]
[%emt 00:00:06]} 3. exd5 {[%clk 01:01:44] [%emt 00:00:03]} 3... cxd5 {[%clk
01:01:48] [%emt 00:00:05]} 4. Nc3 {[%clk 01:01:59] [%emt 00:00:15]} 4... Nf6
{[%clk 01:01:53] [%emt 00:00:26]} 5. Nf3 {[%clk 01:01:05] [%emt 00:01:22]} 5...
Nc6 {[%clk 01:02:13] [%emt 00:00:10]} 6. Bf4 {[%clk 01:01:06] [%emt 00:00:29]}
6... a6 {[%clk 01:02:24] [%emt 00:00:19]} 7. Be2 {[%clk 01:00:51] [%emt
00:00:44]} 7... Bg4 {[%clk 01:02:47] [%emt 00:00:07]} 8. Ne5 {[%clk 00:44:29]
[%emt 00:16:53]} 8... Bxe2 {[%clk 01:02:58] [%emt 00:00:19]} 9. Nxe2 {[%clk
00:43:43] [%emt 00:01:16]} 9... e6 {[%clk 01:03:08] [%emt 00:00:20]} 10. Nxc6
{[%clk 00:43:16] [%emt 00:00:57]} 10... bxc6 {[%clk 01:03:32] [%emt 00:00:06]}
11. O-O {[%clk 00:42:27] [%emt 00:01:19]} 11... Bd6 {[%clk 01:03:57] [%emt
00:00:05]} 12. Bxd6 {[%clk 00:42:06] [%emt 00:00:50]} 12... Qxd6 {[%clk
01:04:23] [%emt 00:00:05]} 13. Qd3 {[%clk 00:39:10] [%emt 00:03:26]} 13... O-O
{[%clk 01:04:42] [%emt 00:00:11]} 14. c4 {[%clk 00:38:35] [%emt 00:01:05]}
14... Rfb8 {[%clk 01:01:40] [%emt 00:03:33]} 15. Rab1 {[%clk 00:36:44] [%emt
00:02:22]} 15... a5 {[%clk 01:00:56] [%emt 00:01:12]} 16. Rfc1 {[%clk 00:35:48]
[%emt 00:01:26]} 16... a4 {[%clk 00:58:05] [%emt 00:03:22]} 17. b3 {[%clk
00:35:17] [%emt 00:01:01]} 17... axb3 {[%clk 00:57:50] [%emt 00:00:44]} 18.
axb3 {[%clk 00:33:34] [%emt 00:02:13]} 18... Rb4 {[%clk 00:57:41] [%emt
00:00:39]} 19. f3 {[%clk 00:32:03] [%emt 00:02:01]} 19... Qb8 {[%clk 00:55:19]
[%emt 00:02:50]} 20. Rc3 {[%clk 00:28:42] [%emt 00:03:53]} 20... Nh5 {[%clk
00:48:48] [%emt 00:07:01]} 21. Qc2 {[%clk 00:25:57] [%emt 00:03:15]} 21... Nf4
{[%clk 00:46:00] [%emt 00:03:17]} 22. Nc1 {[%clk 00:24:14] [%emt 00:02:13]}
22... Qb6 {[%clk 00:45:02] [%emt 00:01:28]} 23. Qd2 {[%clk 00:21:59] [%emt
00:02:46]} 23... Ng6 {[%clk 00:41:30] [%emt 00:04:02]} 24. Rb2 {[%clk 00:15:31]
[%emt 00:06:58]} 24... Rb8 {[%clk 00:38:42] [%emt 00:03:19]} 25. c5 {[%clk
00:10:04] [%emt 00:05:56]} 25... Qc7 {[%clk 00:38:23] [%emt 00:00:49]} 26. Na2
{[%clk 00:09:50] [%emt 00:00:45]} 26... R4b5 {[%clk 00:38:42] [%emt 00:00:10]}
27. b4 {[%clk 00:09:38] [%emt 00:00:42]} 27... e5 {[%clk 00:38:58] [%emt
00:00:14]} 28. Re3 {[%clk 00:09:22] [%emt 00:00:47]} 28... exd4 {[%clk
00:36:59] [%emt 00:02:28]} 29. Qxd4 {[%clk 00:09:44] [%emt 00:00:08]} 29... Qf4
{[%clk 00:36:34] [%emt 00:00:55]} 30. Qxf4 {[%clk 00:09:08] [%emt 00:01:06]}
30... Nxf4 {[%clk 00:36:59] [%emt 00:00:05]} 31. Nc3 {[%clk 00:09:06] [%emt
00:00:32]} 31... R5b7 {[%clk 00:36:45] [%emt 00:00:44]} 32. Na4 {[%clk
00:07:32] [%emt 00:02:05]} 32... Ra7 {[%clk 00:30:34] [%emt 00:06:41]} 33. Nb6
{[%clk 00:06:14] [%emt 00:01:48]} 33... d4 {[%clk 00:30:26] [%emt 00:00:37]}
34. Reb3 {[%clk 00:05:16] [%emt 00:01:28]} 34... d3 {[%clk 00:26:54] [%emt
00:04:02]} 35. g3 {[%clk 00:04:45] [%emt 00:01:01]} 35... Rd8 {[%clk 00:24:34]
[%emt 00:02:49]} 36. Rd2 {[%clk 00:03:58] [%emt 00:01:18]} 36... Ra1+ {[%clk
00:22:57] [%emt 00:02:07]} 37. Kf2 {[%clk 00:04:12] [%emt 00:00:16]} 37... Rh1
{[%clk 00:21:21] [%emt 00:02:05]} 38. Rbb2 {[%clk 00:01:57] [%emt 00:02:45]}
38... Rxh2+ {[%clk 00:21:09] [%emt 00:00:42]} 39. Kg1 {[%clk 00:02:11] [%emt
00:00:15]} 39... Rxd2 {[%clk 00:20:58] [%emt 00:00:42]} 40. Rxd2 {[%clk
00:02:39] [%emt 00:00:02]} 40... Ne2+ {[%clk 00:20:27] [%emt 00:01:00]} 41. Kf2
{[%clk 00:03:02] [%emt 00:00:08]} 41... Nc1 {[%clk 00:20:06] [%emt 00:00:50]}
42. Nc4 {[%clk 00:02:28] [%emt 00:01:05]} 42... Rd4 {[%clk 00:18:38] [%emt
00:01:57]} 43. Nb2 {[%clk 00:01:37] [%emt 00:01:23]} 43... Rxb4 {[%clk
00:17:39] [%emt 00:01:29]} 44. Nxd3 {[%clk 00:01:23] [%emt 00:00:44]} 44... Rd4
{[%clk 00:16:07] [%emt 00:02:02]} 45. Ke3 {[%clk 00:01:33] [%emt 00:00:21]}
45... Rxd3+ {[%clk 00:16:32] [%emt 00:00:04]} 46. Rxd3 {[%clk 00:01:57] [%emt
00:00:06]} 46... Nxd3 {[%clk 00:16:57] [%emt 00:00:05]} 47. Kxd3 {[%clk
00:02:18] [%emt 00:00:09]} 47... Kf8 {[%clk 00:16:10] [%emt 00:01:17]} 48. Ke4
{[%clk 00:01:39] [%emt 00:01:09]} 48... Ke7 {[%clk 00:16:28] [%emt 00:00:12]}
49. Ke5 {[%clk 00:01:42] [%emt 00:00:27]} 49... f6+ {[%clk 00:16:48] [%emt
00:00:10]} 50. Kf5 {[%clk 00:01:56] [%emt 00:00:16]} 50... g6+ {[%clk 00:17:12]
[%emt 00:00:06]} 51. Ke4 {[%clk 00:02:15] [%emt 00:00:10]} 51... Ke6 {[%clk
00:17:35] [%emt 00:00:07]} 52. f4 {[%clk 00:02:05] [%emt 00:00:41]} 52... f5+
{[%clk 00:17:57] [%emt 00:00:08]} 53. Kd4 {[%clk 00:02:23] [%emt 00:00:12]}
53... h6 {[%clk 00:18:14] [%emt 00:00:13]} 54. Kc4 {[%clk 00:02:35] [%emt
00:00:18]} 54... g5 {[%clk 00:18:32] [%emt 00:00:12]} 55. fxg5 {[%clk 00:02:40]
[%emt 00:00:24]} 55... hxg5 {[%clk 00:18:56] [%emt 00:00:05]} 56. Kd4 {[%clk
00:02:56] [%emt 00:00:15]} 56... Kf6 {[%clk 00:19:10] [%emt 00:01:22]} 0-1

[Event "New Zealand Junior Championship"]
[Site "Wellington"]
[Date "2023.01.05"]
[Round "3.4"]
[White "Chen, Anderson"]
[Black "Young, Cohen"]
[Result "0-1"]
[WhiteElo "1487"]
[BlackElo "1994"]

1. e4 {[%clk 01:00:59]} 1... c6 {[%clk 01:00:55] [%emt 00:00:06]} 2. d4 {[%emt
00:00:07]} 2... d5 {[%clk 01:01:17] [%emt 00:00:07]} 3. Nc3 {[%clk 01:01:43]
[%emt 00:00:09]} 3... dxe4 {[%clk 01:01:22] [%emt 00:00:26]} 4. Nxe4 {[%clk
01:02:07] [%emt 00:00:07]} 4... Nf6 {[%clk 01:00:59] [%emt 00:00:52]} 5. Nxf6+
{[%clk 01:01:03] [%emt 00:01:34]} 5... exf6 {[%clk 01:01:23] [%emt 00:00:06]}
6. Nf3 {[%clk 01:00:34] [%emt 00:00:58]} 6... Bg4 {[%clk 01:01:11] [%emt
00:00:42]} 7. c3 {[%clk 01:00:56] [%emt 00:00:09]} 7... Bd6 {[%clk 01:00:16]
[%emt 00:01:24]} 8. Be2 {[%clk 00:57:48] [%emt 00:03:38]} 8... O-O {[%clk
00:58:38] [%emt 00:02:09]} 9. O-O {[%clk 00:58:12] [%emt 00:00:06]} 9... Qc7
{[%clk 00:57:51] [%emt 00:01:16]} 10. h3 {[%clk 00:57:17] [%emt 00:01:25]}
10... Bh5 {[%clk 00:58:08] [%emt 00:00:13]} 11. Nh4 {[%clk 00:52:57] [%emt
00:04:49]} 11... Bg6 {[%clk 00:54:13] [%emt 00:04:25]} 12. Bd3 {[%clk 00:50:41]
[%emt 00:02:47]} 12... Re8 {[%clk 00:53:06] [%emt 00:01:38]} 13. Bxg6 {[%clk
00:49:43] [%emt 00:01:28]} 13... hxg6 {[%clk 00:53:34] [%emt 00:00:02]} 14. Re1
{[%clk 00:46:53] [%emt 00:03:19]} 14... Nd7 {[%clk 00:53:41] [%emt 00:00:24]}
15. Rxe8+ {[%clk 00:45:59] [%emt 00:01:24]} 15... Rxe8 {[%clk 00:54:10] [%emt
00:00:01]} 16. Qc2 {[%clk 00:46:19] [%emt 00:00:10]} 16... Re1# {[%clk
00:54:32] [%emt 00:00:08]} 0-1

[Event "New Zealand Junior Championship"]
[Site "Wellington"]
[Date "2023.01.05"]
[Round "3.5"]
[White "Liu, Richard Jingjie"]
[Black "Braganza, Nadia"]
[Result "0-1"]
[WhiteElo "1392"]
[BlackElo "1838"]

1. e4 {[%clk 01:00:59]} 1... c5 {[%clk 01:00:51] [%emt 00:00:09]} 2. Nf3 {[%clk
01:01:24] [%emt 00:00:06]} 2... Nc6 {[%clk 01:01:16] [%emt 00:00:06]} 3. d4
{[%clk 01:01:49] [%emt 00:00:04]} 3... cxd4 {[%clk 01:01:40] [%emt 00:00:06]}
4. Nxd4 {[%clk 01:02:14] [%emt 00:00:05]} 4... g6 {[%clk 01:02:02] [%emt
00:00:07]} 5. Nc3 {[%clk 01:02:34] [%emt 00:00:10]} 5... Bg7 {[%clk 01:02:25]
[%emt 00:00:07]} 6. Be3 {[%clk 01:02:49] [%emt 00:00:16]} 6... Nf6 {[%clk
01:02:48] [%emt 00:00:07]} 7. Be2 {[%clk 01:03:12] [%emt 00:00:07]} 7... O-O
{[%clk 01:03:01] [%emt 00:00:16]} 8. O-O {[%clk 01:03:32] [%emt 00:00:10]} 8...
d6 {[%clk 01:02:39] [%emt 00:00:52]} 9. h3 {[%clk 01:03:27] [%emt 00:00:34]}
9... Bd7 {[%clk 01:01:00] [%emt 00:02:10]} 10. Rc1 {[%clk 01:02:55] [%emt
00:01:02]} 10... Rc8 {[%clk 01:00:46] [%emt 00:00:44]} 11. f3 {[%clk 01:02:21]
[%emt 00:01:04]} 11... Ne5 {[%clk 00:59:22] [%emt 00:01:54]} 12. Nb3 {[%clk
01:02:02] [%emt 00:00:50]} 12... a6 {[%clk 00:57:30] [%emt 00:02:22]} 13. Bd4
{[%clk 01:00:27] [%emt 00:02:04]} 13... Nc4 {[%clk 00:52:53] [%emt 00:05:07]}
14. Bxc4 {[%clk 00:58:27] [%emt 00:02:29]} 14... Rxc4 {[%clk 00:53:18] [%emt
00:00:05]} 15. Qd3 {[%clk 00:58:53] [%emt 00:00:04]} 15... Rc8 {[%clk 00:52:06]
[%emt 00:01:42]} 16. Nd5 {[%clk 00:55:15] [%emt 00:04:08]} 16... Nxd5 {[%clk
00:48:16] [%emt 00:04:20]} 17. exd5 {[%clk 00:55:09] [%emt 00:00:36]} 17... Bh6
{[%clk 00:44:36] [%emt 00:04:10]} 18. Be3 {[%clk 00:54:59] [%emt 00:00:40]}
18... Bf5 {[%clk 00:44:17] [%emt 00:00:48]} 19. Qd2 {[%clk 00:53:30] [%emt
00:02:00]} 19... Bxe3+ {[%clk 00:43:57] [%emt 00:00:50]} 20. Qxe3 {[%clk
00:53:54] [%emt 00:00:06]} 20... Rxc2 {[%clk 00:40:21] [%emt 00:04:05]} 21.
Rxc2 {[%clk 00:53:42] [%emt 00:00:42]} 21... Bxc2 {[%clk 00:40:46] [%emt
00:00:06]} 22. Nd4 {[%clk 00:54:10] [%emt 00:00:01]} 22... Ba4 {[%clk 00:40:34]
[%emt 00:00:42]} 23. b3 {[%clk 00:54:18] [%emt 00:00:23]} 23... Bd7 {[%clk
00:40:11] [%emt 00:00:53]} 24. Re1 {[%clk 00:54:20] [%emt 00:00:27]} 24... Qb6
{[%clk 00:38:13] [%emt 00:02:28]} 25. Qd2 {[%clk 00:53:23] [%emt 00:01:28]}
25... e5 {[%clk 00:33:45] [%emt 00:04:57]} 26. dxe6 {[%clk 00:53:44] [%emt
00:00:09]} 26... Bxe6 {[%clk 00:33:58] [%emt 00:00:17]} 27. Kh1 {[%clk
00:53:38] [%emt 00:00:35]} 27... d5 {[%clk 00:33:39] [%emt 00:00:50]} 28. Qe3
{[%clk 00:53:06] [%emt 00:01:02]} 28... Re8 {[%clk 00:31:53] [%emt 00:02:16]}
29. Nc2 {[%clk 00:51:11] [%emt 00:02:25]} 29... Qxe3 {[%clk 00:32:06] [%emt
00:00:16]} 30. Rxe3 {[%clk 00:50:50] [%emt 00:00:52]} 30... Bd7 {[%clk
00:31:20] [%emt 00:01:16]} 31. Rd3 {[%clk 00:50:58] [%emt 00:00:22]} 31... Bc6
{[%clk 00:31:38] [%emt 00:00:12]} 32. Nb4 {[%clk 00:51:10] [%emt 00:00:18]}
32... Rd8 {[%clk 00:31:45] [%emt 00:00:22]} 33. Kg1 {[%clk 00:51:20] [%emt
00:00:22]} 33... Kg7 {[%clk 00:31:05] [%emt 00:01:09]} 34. Kf2 {[%clk 00:51:40]
[%emt 00:00:10]} 34... Kf6 {[%clk 00:30:57] [%emt 00:00:38]} 35. Ke3 {[%clk
00:52:00] [%emt 00:00:11]} 35... Ke5 {[%clk 00:31:05] [%emt 00:00:21]} 36. f4+
{[%clk 00:52:24] [%emt 00:00:06]} 36... Kd6 {[%clk 00:31:17] [%emt 00:00:18]}
37. Kd4 {[%clk 00:52:49] [%emt 00:00:06]} 37... Re8 {[%clk 00:31:33] [%emt
00:00:13]} 38. Kc3 {[%clk 00:52:25] [%emt 00:00:54]} 38... Re4 {[%clk 00:31:07]
[%emt 00:00:56]} 39. g3 {[%clk 00:52:40] [%emt 00:00:15]} 39... Kc5 {[%clk
00:29:19] [%emt 00:02:18]} 40. a3 {[%clk 00:53:00] [%emt 00:00:11]} 40... d4+
{[%clk 00:26:58] [%emt 00:02:50]} 41. Kd2 {[%clk 00:53:10] [%emt 00:00:21]}
41... Bb5 {[%clk 00:26:28] [%emt 00:00:59]} 42. Rf3 {[%clk 00:52:23] [%emt
00:01:17]} 42... Re2+ {[%clk 00:26:14] [%emt 00:00:44]} 43. Kd1 {[%clk
00:52:45] [%emt 00:00:09]} 43... Rh2 {[%clk 00:25:55] [%emt 00:00:48]} 44. Kc1
{[%clk 00:52:33] [%emt 00:00:42]} 44... Be2 {[%clk 00:26:10] [%emt 00:00:15]}
45. Nd3+ {[%clk 00:52:18] [%emt 00:00:46]} 45... Bxd3 {[%clk 00:26:11] [%emt
00:00:29]} 46. Rxd3 {[%clk 00:52:35] [%emt 00:00:13]} 46... Rxh3 {[%clk
00:26:31] [%emt 00:00:09]} 47. a4 {[%clk 00:52:59] [%emt 00:00:07]} 47... h5
{[%clk 00:26:49] [%emt 00:00:11]} 48. b4+ {[%clk 00:53:02] [%emt 00:00:28]}
48... Kc4 {[%clk 00:27:10] [%emt 00:00:09]} 0-1

[Event "New Zealand Junior Championship"]
[Site "Wellington"]
[Date "2023.01.05"]
[Round "3.7"]
[White "Suggate, Romero"]
[Black "Lu, Xiahan (Luna)"]
[Result "0-1"]
[WhiteElo "2049"]
[BlackElo "1480"]

1. e4 {[%clk 01:00:54] [%emt 00:00:06]} 1... c5 {[%clk 01:00:46] [%emt
00:00:14]} 2. c3 {[%clk 01:01:16] [%emt 00:00:09]} 2... Nc6 {[%clk 01:00:43]
[%emt 00:00:34]} 3. d4 {[%clk 01:00:58] [%emt 00:00:48]} 3... cxd4 {[%clk
01:00:31] [%emt 00:00:40]} 4. cxd4 {[%clk 01:01:22] [%emt 00:00:06]} 4... d6
{[%clk 01:00:09] [%emt 00:00:53]} 5. Nc3 {[%clk 01:00:13] [%emt 00:01:39]} 5...
Nf6 {[%clk 00:59:54] [%emt 00:00:45]} 6. Bc4 {[%clk 00:54:55] [%emt 00:05:49]}
6... g6 {[%clk 00:56:28] [%emt 00:03:55]} 7. Nf3 {[%clk 00:51:08] [%emt
00:04:17]} 7... Bg7 {[%clk 00:54:43] [%emt 00:02:13]} 8. h3 {[%clk 00:50:28]
[%emt 00:01:11]} 8... a6 {[%clk 00:51:06] [%emt 00:04:09]} 9. a4 {[%clk
00:50:00] [%emt 00:00:58]} 9... e6 {[%clk 00:46:23] [%emt 00:05:12]} 10. Be3
{[%clk 00:49:41] [%emt 00:00:48]} 10... d5 {[%clk 00:44:35] [%emt 00:02:18]}
11. exd5 {[%clk 00:46:22] [%emt 00:03:50]} 11... exd5 {[%clk 00:44:50] [%emt
00:00:14]} 12. Bd3 {[%clk 00:45:53] [%emt 00:00:58]} 12... Be6 {[%clk 00:43:01]
[%emt 00:02:18]} 13. Ng5 {[%clk 00:44:14] [%emt 00:02:10]} 13... O-O {[%clk
00:41:04] [%emt 00:02:27]} 14. Nxe6 {[%clk 00:43:48] [%emt 00:00:56]} 14...
fxe6 {[%clk 00:41:13] [%emt 00:00:20]} 15. O-O {[%clk 00:28:43] [%emt
00:15:36]} 15... Rc8 {[%clk 00:37:14] [%emt 00:04:29]} 16. f4 {[%clk 00:26:38]
[%emt 00:02:35]} 16... Qd6 {[%clk 00:31:00] [%emt 00:06:38]} 17. Qe2 {[%clk
00:25:51] [%emt 00:01:23]} 17... Nh5 {[%clk 00:28:42] [%emt 00:02:47]} 18. Qf2
{[%clk 00:23:13] [%emt 00:03:10]} 18... Qb4 {[%clk 00:24:33] [%emt 00:04:32]}
19. g4 {[%clk 00:21:33] [%emt 00:02:16]} 19... Nxf4 {[%clk 00:20:06] [%emt
00:04:57]} 20. Qd2 {[%clk 00:20:47] [%emt 00:01:16]} 20... Nxd3 {[%clk
00:19:31] [%emt 00:01:06]} 21. Qxd3 {[%clk 00:21:15] [%emt 00:00:02]} 21...
Bxd4 {[%clk 00:19:21] [%emt 00:00:40]} 22. Ne2 {[%clk 00:21:28] [%emt
00:00:17]} 22... Bg7 {[%clk 00:17:05] [%emt 00:02:46]} 23. Nf4 {[%clk 00:21:22]
[%emt 00:00:35]} 23... Ne5 {[%clk 00:15:21] [%emt 00:02:09]} 24. Qe2 {[%clk
00:21:21] [%emt 00:00:36]} 24... Qe4 {[%clk 00:12:05] [%emt 00:03:43]} 25. Rac1
{[%clk 00:18:04] [%emt 00:03:49]} 25... Rxc1 {[%clk 00:11:29] [%emt 00:01:06]}
26. Bxc1 {[%clk 00:17:07] [%emt 00:01:27]} 26... Rxf4 {[%clk 00:10:20] [%emt
00:01:39]} 0-1